Innovation networks and clusters (Record no. 110383)
[ view plain ]
| 000 -LEADER | |
|---|---|
| fixed length control field | 02179nam a2200349 a 4500 |
| 082 04 - DEWEY DECIMAL CLASSIFICATION NUMBER | |
| Classification number | 338.8/7 |
| 245 00 - TITLE STATEMENT | |
| Title | Innovation networks and clusters |
| 260 ## - PUBLICATION, DISTRIBUTION, ETC. (IMPRINT) | |
| Place of publication | Bruxelles ; |
| -- | New York : |
| Name of publisher | Peter Lang, |
| Year of publication | c2010. |
| 300 ## - PHYSICAL DESCRIPTION | |
| Number of Pages | 227 p. : |
| Other physical details | ill. |
| 505 0# - FORMATTED CONTENTS NOTE | |
| Formatted contents note | Conceptualising innovation networks and clusters / Abdelillah Hamdouch -- Networking innovation and intellectual property rights : the enterprise's knowledge capital / Blandine Laperche -- Guanxi and the business environment in China : an innovative network as a "process of a knowledge-based economy" / Francis Munier and Cao Huan -- The dynamics between plural and network-based entrepreneurship in small high-tech firms / Thierry Burger Helmchen -- The local basis of innovation and growth processes / Maryann P. Feldman -- The innovative milieu as the driving force of entrepreneurship / Sophie Boutillier and Dimitri Uzunidis -- Biotechnology and nanotechnology innovation networks in Canadian clusters / Katherine Beaudry and Andrea Schiffaeurova -- Identifying clusters in the Puget sound region / Paul Sommers and William B. Beyers. |
| 650 #0 - SUBJECT ADDED ENTRY--TOPICAL TERM | |
| Topical Term | Technological innovations |
| Topical Term | Knowledge management. |
| Topical Term | Business enterprises |
| 700 1# - ADDED ENTRY--PERSONAL NAME | |
| Personal name | Laperche, Blandine. |
| Personal name | Sommers, Paul. |
| Personal name | Uzunidis, Dimitri. |
| 856 40 - ELECTRONIC LOCATION AND ACCESS | |
| Uniform Resource Identifier | http://site.ebrary.com/lib/rucke/Doc?id=10600342 |
No items available.
